[Event "105th ch-GBR 2018"]
[Site "Hull ENG"]
[Date "2018.08.02"]
[Round "6.3"]
[White "Pert, Nicholas"]
[Black "Howell, David W L"]
[Result "1/2-1/2"]
[WhiteTitle "GM"]
[BlackTitle "GM"]
[WhiteElo "2544"]
[BlackElo "2687"]
[WhiteFideId "403989"]
[BlackFideId "410608"]
[EventDate "2018.07.28"]

1. d4 Nf6 2. Nf3 e6 3. c4 d5 4. Nc3 Bb4 5. cxd5 exd5 6. Qa4+ Nc6 7. Bg5 h6 8.
Bxf6 Qxf6 9. e3 O-O 10. Be2 a6 11. a3 Bxc3+ 12. bxc3 Be6 13. O-O Rfd8 14. Rfb1 1/2-1/2

[Event "105th ch-GBR 2018"]
[Site "Hull ENG"]
[Date "2018.08.02"]
[Round "6.4"]
[White "Palliser, Richard J D"]
[Black "McShane, Luke J"]
[Result "0-1"]
[WhiteTitle "IM"]
[BlackTitle "GM"]
[WhiteElo "2418"]
[BlackElo "2669"]
[WhiteFideId "407372"]
[BlackFideId "404853"]
[EventDate "2018.07.28"]

1. d4 Nf6 2. c4 e6 3. Nc3 Bb4 4. Qc2 d5 5. cxd5 Qxd5 6. e3 c5 7. Bd2 Bxc3 8.
Bxc3 Nbd7 9. Ne2 b6 10. f3 O-O 11. e4 Qc6 12. dxc5 Qxc5 13. Qd2 Qe7 14. O-O-O
Ba6 15. g4 Rfd8 16. Nd4 Bb7 17. Be2 Nc5 18. Rhg1 Rac8 19. g5 Nh5 20. Kb1 Qc7 21.
Qe3 Qxh2 22. Bb5 a6 23. Bc6 Qf4 24. Qxf4 Nxf4 25. b4 Bxc6 26. Nxc6 Re8 27. bxc5
Rxc6 28. Bd2 Ne2 29. Rge1 Nd4 30. Be3 bxc5 31. Bxd4 cxd4 32. Rxd4 Rb8+ 33. Ka1
g6 34. Rb1 Rxb1+ 35. Kxb1 Kg7 36. e5 h6 37. gxh6+ Kxh6 38. Kb2 Rc5 39. f4 g5 0-1

[Event "105th ch-GBR 2018"]
[Site "Hull ENG"]
[Date "2018.08.02"]
[Round "6.6"]
[White "Tan, Justin2"]
[Black "Ward, Chris G"]
[Result "1/2-1/2"]
[WhiteTitle "IM"]
[BlackTitle "GM"]
[WhiteElo "2481"]
[BlackElo "2434"]
[WhiteFideId "3206882"]
[BlackFideId "400203"]
[EventDate "2018.07.28"]

1. e4 c5 2. Nf3 g6 3. c3 d5 4. e5 Nc6 5. h3 d4 6. Bc4 Bg7 7. Qe2 e6 8. O-O Nge7
9. d3 O-O 10. Re1 h6 11. Nbd2 Nf5 12. Ne4 dxc3 13. bxc3 Nxe5 14. Nxe5 Bxe5 15.
g4 Nd6 16. Nxd6 Bxd6 17. Bxh6 Re8 18. Qe3 Bd7 19. Rad1 Qf6 20. d4 Rac8 21. Bg5
Qh8 22. Bf1 Ba4 23. Rd2 Bf8 24. Qf4 cxd4 25. cxd4 Bc6 26. Bf6 Bg7 27. g5 Bd5 28.
Rd3 Bc4 29. Rg3 Bxf1 30. Kxf1 Bxf6 31. gxf6 Red8 32. Kg2 Rd5 33. Re5 Rxe5 34.
dxe5 Qh5 35. Rg4 Rc3 36. Rh4 g5 37. Rxh5 gxf4 38. Rg5+ Kh8 39. Rh5+ Kg8 40. Rg5+
Kh8 41. Rg7 Rc7 42. a4 b6 43. Kf3 a6 44. Kxf4 b5 45. axb5 axb5 46. Rg3 b4 47.
Rb3 Rb7 48. Kg5 Kh7 49. f3 Rb8 50. f4 Rg8+ 51. Kh5 Rb8 52. Kg5 Rg8+ 53. Kh4 Rb8
54. Kh5 Rb7 55. Kg5 Rb8 56. f5 exf5 57. Kxf5 Rb5 58. Ke4 Kh6 59. h4 Kh7 60. Kf4
Kh6 61. Kf5 Kh7 62. Ke4 Kh6 63. Kf4 Kh7 1/2-1/2

[Event "105th ch-GBR 2018"]
[Site "Hull ENG"]
[Date "2018.08.02"]
[Round "6.7"]
[White "Hebden, Mark L"]
[Black "Gormally, Daniel W"]
[Result "1-0"]
[WhiteTitle "GM"]
[BlackTitle "GM"]
[WhiteElo "2423"]
[BlackElo "2478"]
[WhiteFideId "400084"]
[BlackFideId "406465"]
[EventDate "2018.07.28"]

1. d4 d5 2. Nf3 Nf6 3. c4 e6 4. Bg5 Be7 5. Nc3 h6 6. Bh4 O-O 7. e3 Nbd7 8. Rc1
c6 9. Bd3 dxc4 10. Bxc4 b5 11. Bd3 Bb7 12. O-O a6 13. a4 Re8 14. Qe2 Qa5 15.
Rfd1 Rac8 16. Ne5 Nxe5 17. dxe5 Nd5 18. Nxd5 exd5 19. Bxe7 Rxe7 20. axb5 axb5
21. f4 c5 22. Bf5 Rcc7 23. h4 Qb6 24. Bg4 f6 25. e6 Rxe6 26. Bxe6+ Qxe6 27. b4
c4 28. Rd4 Re7 29. Kf2 Qd6 30. Qd2 f5 31. Ra1 Qf6 32. g3 g5 33. hxg5 hxg5 34.
Rh1 gxf4 35. gxf4 Rh7 36. Qc1 Rh4 37. Ke2 Rg4 38. Qf1 Rh4 39. Kd2 Kf7 40. Rxh4
Qxh4 41. Qg1 Qe7 42. Kc3 Bc6 43. Qe1 Ke8 44. Kb2 Kd7 45. Qc3 Kc7 46. Ka3 Qh4 47.
Rd1 Qh2 48. Qd2 Qh8 49. Rg1 Qa8+ 50. Kb2 Qh8+ 51. Kb1 Qf8 52. Kc1 Kb7 53. Rh1
Qe7 54. Qd4 Ka6 55. Kc2 Kb7 56. Kc3 Qf7 1-0

[Event "105th ch-GBR 2018"]
[Site "Hull ENG"]
[Date "2018.08.02"]
[Round "6.8"]
[White "Hawkins, Jonathan"]
[Black "Macklin, Paul"]
[Result "1/2-1/2"]
[WhiteTitle "GM"]
[BlackTitle "FM"]
[WhiteElo "2590"]
[BlackElo "2363"]
[WhiteFideId "412686"]
[BlackFideId "455865"]
[EventDate "2018.07.28"]

1. d4 Nf6 2. c4 g6 3. Nc3 Bg7 4. e4 d6 5. Be2 O-O 6. Nf3 Na6 7. O-O e5 8. Be3
Ng4 9. Bg5 Qe8 10. dxe5 dxe5 11. Qc1 c6 12. Rd1 f6 13. Bd2 f5 14. h3 Nf6 15.
exf5 Bxf5 16. Be3 Qe7 17. g4 Bc8 18. Bh6 e4 19. Bxg7 Kxg7 20. Qe3 Re8 21. Nd2 h6
22. Re1 Bd7 23. Ndxe4 Nxe4 24. Bf3 Nac5 25. Bxe4 a5 26. Rad1 Rad8 27. Qg3 Bc8
28. Rxd8 Qxd8 29. Rd1 Qe7 30. Bg2 g5 31. f4 gxf4 32. Qxf4 Qe3+ 33. Qxe3 Rxe3 34.
Kf2 Rd3 35. Ke2 Rxd1 36. Nxd1 Be6 37. Ke3 Kf6 38. Kd4 Nd7 39. Nc3 c5+ 40. Ke3
Bxc4 41. Bxb7 Ke5 42. b3 Bf7 43. Bc6 Nb6 44. Na4 Nxa4 45. Bxa4 c4 46. bxc4 Bxc4
47. Bb3 Bb5 48. Bc2 Bd7 49. Kf3 Be6 50. a3 Bf7 51. h4 Bd5+ 52. Kg3 Be6 53. g5
hxg5 54. hxg5 Bf5 55. Bb3 Bg6 56. Kg4 Kd4 57. Kf4 Be8 58. Bd1 a4 59. Kf5 Kc3 60.
Kf6 Kb2 61. Ke7 Bb5 62. g6 Kxa3 63. Kd6 Kb4 64. Bf3 Bc4 65. Bd5 Bxd5 66. Kxd5 a3
67. g7 a2 68. g8=Q a1=Q 69. Qb8+ Ka3 1/2-1/2

[Event "105th ch-GBR 2018"]
[Site "Hull ENG"]
[Date "2018.08.02"]
[Round "6.9"]
[White "Adair, James R"]
[Black "Murphy, Conor E"]
[Result "1-0"]
[WhiteTitle "IM"]
[BlackTitle "FM"]
[WhiteElo "2492"]
[BlackElo "2336"]
[WhiteFideId "406252"]
[BlackFideId "421669"]
[EventDate "2018.07.28"]

1. e4 e5 2. Nf3 Nc6 3. Bc4 Nf6 4. d3 Be7 5. O-O O-O 6. Re1 d6 7. a4 Na5 8. Ba2
c5 9. Na3 Nc6 10. c3 h6 11. Nc4 Be6 12. Bd2 a6 13. Ne3 Bxa2 14. Rxa2 d5 15. exd5
Nxd5 16. Nc4 Nf4 17. Nfxe5 Nxe5 18. Nxe5 Qd5 19. Bxf4 Qxa2 20. Nd7 Rfe8 21. Nb6
Rad8 22. Bc7 Bg5 23. f4 Bxf4 24. Bxf4 Qxb2 25. Nd5 Rxe1+ 26. Qxe1 Qc2 27. Bc7
Rf8 28. Qe4 Qd1+ 29. Kf2 Qd2+ 30. Qe2 Qg5 31. c4 b5 32. a5 bxc4 33. dxc4 Qf5+
34. Bf4 Kh7 35. g4 Qe6 36. Kf3 g5 37. Bg3 h5 38. Qe4+ Qxe4+ 39. Kxe4 hxg4 40.
Kf5 Kg7 41. Bd6 Rc8 42. Kxg5 Kh7 43. Kf6 Re8 44. Kxf7 Re2 45. Nf6+ Kh8 46. Bf8
Re7+ 47. Bxe7 g3 48. Bf8 1-0

[Event "105th ch-GBR 2018"]
[Site "Hull ENG"]
[Date "2018.08.02"]
[Round "6.10"]
[White "Fernandez, Daniel Howard"]
[Black "Bradbury, Neil H"]
[Result "1-0"]
[WhiteTitle "GM"]
[BlackTitle "IM"]
[WhiteElo "2477"]
[BlackElo "2348"]
[WhiteFideId "5801605"]
[BlackFideId "400513"]
[EventDate "2018.07.28"]

1. d4 Nf6 2. Nf3 e6 3. Bf4 b6 4. h3 Ba6 5. Nbd2 d5 6. c4 Bd6 7. Bxd6 Qxd6 8.
Qa4+ c6 9. e3 Bb7 10. Rc1 O-O 11. cxd5 exd5 12. Ne5 c5 13. Ndf3 cxd4 14. exd4
Ne4 15. Be2 f6 16. Nd3 Nc6 17. O-O Rfe8 18. Rc2 Na5 19. Rfc1 Re7 20. b3 Rae8 21.
Bf1 Re6 22. Nc5 Bc6 23. Bb5 bxc5 24. Qxa5 Bxb5 25. Qxb5 cxd4 26. Nxd4 Nc3 27.
Qf1 Re4 28. Nf5 Qe5 29. Nxg7 Rc8 30. Nh5 Ne2+ 31. Rxe2 Rxc1 32. Qxc1 Rxe2 33.
Qc8+ Kf7 34. Qd7+ Qe7 35. Qxd5+ Qe6 36. Qb7+ Qe7 37. Qd5+ Qe6 38. Qb7+ Qe7 39.
Qa6 Re1+ 40. Kh2 Qe5+ 41. Ng3 Qc5 42. Qb7+ Kg6 43. Qf3 Qe5 44. Qg4+ Kf7 45. Qd7+
Qe7 46. Qf5 Kg8 47. b4 Qe6 48. Qf3 a6 49. Qa8+ Kf7 50. Qb7+ Kg6 51. Qf3 Re5 52.
Qd3+ f5 53. f4 Rd5 54. Qf3 Kg7 55. a4 h6 56. Qb3 Qd7 57. Qc3+ Kg6 58. Qh8 Qe6
59. h4 Kf7 60. Qh7+ Ke8 61. Qb7 Rd7 62. Qc8+ Kf7 63. b5 axb5 64. axb5 Rd3 65.
Qc7+ Rd7 66. Qc2 Rd5 67. Qb3 Rd6 68. Qb1 Rd4 69. Qc2 Rc4 70. Qd2 Rc5 71. Qd3 Qd5
72. Qe2 Rxb5 73. Qh5+ Kg7 74. Qe8 Rb7 75. Nh5+ 1-0

[Event "105th ch-GBR 2018"]
[Site "Hull ENG"]
[Date "2018.08.02"]
[Round "6.11"]
[White "Wells, Peter K"]
[Black "Kalavannan, Koby"]
[Result "1/2-1/2"]
[WhiteTitle "GM"]
[WhiteElo "2426"]
[BlackElo "2277"]
[WhiteFideId "400327"]
[BlackFideId "425753"]
[EventDate "2018.07.28"]

1. e4 c5 2. Nf3 Nc6 3. c3 Nf6 4. e5 Nd5 5. Bc4 Nb6 6. Bb3 d5 7. exd6 Qxd6 8. Na3
Be6 9. d4 cxd4 10. Nb5 Qd7 11. Bxe6 Qxe6+ 12. Be3 Qd7 13. Nbxd4 Nxd4 14. Bxd4
Qe6+ 15. Be3 Nd5 16. O-O Nxe3 17. fxe3 f6 18. Nd4 Qc4 19. Qh5+ g6 20. Qf3 Bh6
21. Nf5 gxf5 22. Qh5+ Qf7 23. Qxh6 Qg6 24. Qf4 O-O-O 25. Qxf5+ Qxf5 26. Rxf5 Rd2
27. Rf2 Rhd8 28. Re1 Kc7 29. g3 R8d3 30. Ree2 Rd1+ 31. Kg2 Kd6 32. Rf4 R1d2 33.
Kf2 Ke5 34. g4 e6 35. Rd4 Rd1 36. Kf3 Rf1+ 37. Rf2 Rdd1 38. a4 Rxf2+ 39. Kxf2
Rh1 40. Kg2 Re1 41. Kf3 Rf1+ 42. Kg3 Rg1+ 43. Kf2 Rh1 44. Rb4 b6 45. Rb5+ Ke4
46. Rh5 Rb1 47. Rxh7 Rxb2+ 48. Kg3 Re2 49. Rxa7 1/2-1/2

[Event "105th ch-GBR 2018"]
[Site "Hull ENG"]
[Date "2018.08.02"]
[Round "6.14"]
[White "Payne, Matthew J"]
[Black "Roberson, Peter T"]
[Result "1-0"]
[BlackTitle "IM"]
[WhiteElo "2113"]
[BlackElo "2401"]
[WhiteFideId "417084"]
[BlackFideId "412384"]
[EventDate "2018.07.28"]

1. e4 c6 2. d4 d5 3. f3 e6 4. Nc3 Qb6 5. Na4 Qc7 6. Bd3 Nd7 7. exd5 cxd5 8. Nc3
a6 9. Qe2 Ndf6 10. g4 Bb4 11. Bd2 Ne7 12. Nh3 Nc6 13. Qf2 e5 14. dxe5 Nxe5 15.
Nf4 d4 16. Ne4 Bxd2+ 17. Nxd2 O-O 18. Nb3 Nxd3+ 19. Nxd3 Re8+ 20. Kf1 Bxg4 21.
Nxd4 Bh3+ 22. Kg1 Rad8 23. c3 Qb6 24. Nf4 Bc8 25. Kg2 Qd6 26. Qg3 Qb6 27. Qf2
Qc7 28. Qg3 b5 29. Nd3 Qc4 30. Ne5 Qd5 31. Rhe1 g6 32. Nec6 Rd7 33. Rxe8+ Nxe8
34. Re1 Kf8 35. Qf4 g5 36. Rxe8+ Kg7 37. Qe5+ Qxe5 38. Nxe5 Rc7 39. Nec6 Bd7 40.
Re7 Kf6 41. Kf2 Rb7 42. Re3 a5 43. Nxa5 Ra7 44. b4 1-0

[Event "105th ch-GBR 2018"]
[Site "Hull ENG"]
[Date "2018.08.02"]
[Round "6.15"]
[White "Derakhshani, Borna"]
[Black "Toma, Katarzyna"]
[Result "0-1"]
[WhiteTitle "FM"]
[BlackTitle "WGM"]
[WhiteElo "2315"]
[BlackElo "2274"]
[WhiteFideId "12518450"]
[BlackFideId "1119907"]
[EventDate "2018.07.28"]

1. d4 Nf6 2. Bf4 c5 3. e3 g6 4. Nc3 Bg7 5. Nf3 O-O 6. Be2 d6 7. O-O Qa5 8. Qe1
Nc6 9. d5 Nb4 10. Qd2 Bd7 11. a3 Na6 12. e4 Rac8 13. Bh6 Rfd8 14. Bxg7 Kxg7 15.
Nh4 c4 16. f4 Qc5+ 17. Kh1 Nc7 18. f5 Nb5 19. Nxb5 Qxb5 20. Qc3 Rf8 21. fxg6
fxg6 22. Bf3 Kg8 23. Rae1 Rf7 24. e5 Nxd5 25. Qd4 e6 26. exd6 Rf4 27. Qe5 Rcf8
28. Be2 Qc5 29. Rf3 b5 30. Ref1 Rxf3 31. Nxf3 Rf5 32. Qd4 Ne3 33. Qh4 Qxd6 34.
Re1 Bc6 35. Qf2 Ng4 36. Qd4 Qf4 37. h3 Ne3 38. Qd8+ Rf8 39. Qe7 Bd5 40. Bf1 Nxf1
41. Rxf1 Qe3 42. Qh4 Qe2 43. Rf2 Qd1+ 44. Ng1 Rxf2 45. Qxf2 Qc1 46. c3 a5 47.
Qf6 Qxb2 48. Qd8+ Kf7 49. Qc7+ Kf6 50. Qf4+ Kg7 51. Qe5+ Kh6 52. Qf4+ g5 53.
Qf6+ Kh5 54. Qf7+ Kh4 55. Nf3+ Kg3 56. Qc7+ Kf2 57. Qc5+ Ke2 58. Ng1+ Kd1 59.
Qd4+ Kc1 60. Qe3+ Kb1 61. Ne2 Ka2 62. a4 bxa4 63. Nc1+ Kb1 64. Ne2 a3 65. Qg1+
Kc2 66. Nd4+ Kxc3 67. Qe3+ Kb4 68. Ne2 c3 69. Qb6+ Kc4 70. Qd4+ Kb3 71. Qd1+ c2
72. Nc1+ Ka4 73. Qg4+ Qb4 74. Qe2 Qe4 75. Qd2 a2 76. Nxa2 Bxa2 77. Qd7+ Ka3 0-1

[Event "105th ch-GBR 2018"]
[Site "Hull ENG"]
[Date "2018.08.02"]
[Round "6.16"]
[White "Pritchett, Craig W"]
[Black "Fitzsimons, David"]
[Result "1/2-1/2"]
[WhiteTitle "IM"]
[BlackTitle "FM"]
[WhiteElo "2274"]
[BlackElo "2328"]
[WhiteFideId "2400065"]
[BlackFideId "2501961"]
[EventDate "2018.07.28"]

1. Nf3 g6 2. e4 Bg7 3. d4 d6 4. Bc4 Nf6 5. Qe2 O-O 6. O-O Bg4 7. c3 e5 8. dxe5
dxe5 9. h3 Bxf3 10. Qxf3 Nbd7 11. Be3 Qe7 12. Nd2 Rfd8 13. Nb3 Ne8 14. Bd3 Bf6
15. Rfd1 Bg5 16. a4 a5 17. Bc2 Nd6 18. Nd2 Kg7 19. Nf1 Rf8 20. Rd5 h6 21. Bxg5
Qxg5 22. Ne3 b6 23. Qg4 Qxg4 24. hxg4 Rfe8 25. f3 Nf6 26. Rdd1 Red8 27. Kf2 Kf8
28. Ke2 Ke7 29. Nd5+ Nxd5 30. Rxd5 f6 31. Rh1 Rh8 32. g3 Nb7 33. f4 exf4 34.
gxf4 g5 35. e5 gxf4 36. exf6+ Kxf6 37. Rf5+ Kg7 38. Rxf4 Rhe8+ 39. Kf3 Rad8 40.
g5 hxg5 41. Rh7+ Kg8 42. Rff7 Rf8 43. Rg7+ Kh8 44. Rh7+ Kg8 45. Rg7+ 1/2-1/2

[Event "105th ch-GBR 2018"]
[Site "Hull ENG"]
[Date "2018.08.02"]
[Round "6.19"]
[White "Kalaiyalahan, Akshaya"]
[Black "Trent, Lawrence"]
[Result "0-1"]
[WhiteTitle "FM"]
[BlackTitle "IM"]
[WhiteElo "2138"]
[BlackElo "2406"]
[WhiteFideId "422894"]
[BlackFideId "408638"]
[EventDate "2018.07.28"]

1. d4 Nf6 2. Nf3 c5 3. c4 cxd4 4. Nxd4 g6 5. g3 Nc6 6. Bg2 Bg7 7. O-O O-O 8. c5
Nd5 9. Nb3 e6 10. Bxd5 exd5 11. Qxd5 a5 12. a4 Nb4 13. Qd2 Ra6 14. Rd1 Re8 15.
Nc3 Rae6 16. e3 Re5 17. e4 b6 18. cxb6 Qxb6 19. Qd6 Nc6 20. Nd2 R5e6 21. Qd3 Ba6
22. Nb5 Ne5 23. Qe2 h5 24. h3 Bb7 25. Qe3 Qxe3 26. fxe3 Rc8 27. Ra3 Rec6 28. Rc3
Rxc3 29. Nxc3 Bc6 30. Nb3 Nc4 31. Nd4 Re8 32. b3 Ne5 33. Kf2 Bb7 34. Ndb5 Bc6
35. Ba3 f5 36. exf5 gxf5 37. Nd4 Be4 38. Nxe4 fxe4 39. Ke2 Nd3 40. Rd2 Bxd4 41.
exd4 Rb8 42. Bd6 Rxb3 43. Rc2 Kf7 44. Bc7 Ra3 45. Bxa5 Rxa4 46. Bb6 Rb4 47. Bc5
Rb3 48. Ba7 h4 49. gxh4 Nf4+ 50. Kf2 e3+ 51. Kf3 e2+ 52. Kf2 Rb1 53. Rxe2 Nxe2
54. Kxe2 Rb3 55. Bc5 Rxh3 56. h5 Ke6 57. Bf8 Rxh5 58. Ke3 Kd5 59. Bg7 Rh3+ 60.
Kf4 Rd3 61. Be5 Rxd4+ 62. Bxd4 Kxd4 63. Kf3 Kd3 64. Kf2 d5 0-1

[Event "105th ch-GBR 2018"]
[Site "Hull ENG"]
[Date "2018.08.02"]
[Round "6.26"]
[White "Longson, Sarah N"]
[Black "Miller, Dominic"]
[Result "1-0"]
[WhiteTitle "WFM"]
[WhiteElo "2123"]
[BlackElo "2017"]
[WhiteFideId "2501465"]
[BlackFideId "438065"]
[EventDate "2018.07.28"]

1. e4 c6 2. d4 d5 3. f3 e6 4. Bf4 Nf6 5. Nc3 Bb4 6. Qd3 b6 7. Ne2 Ba6 8. Qe3 c5
9. O-O-O O-O 10. Bg5 Bxe2 11. Nxe2 h6 12. Bh4 Ng4 13. fxg4 Qxh4 14. exd5 cxd4
15. Qxd4 Bc5 16. Qe4 exd5 17. Rxd5 Nc6 18. g3 Qf6 19. Rf5 Qd6 20. Bg2 Rad8 21.
Rd5 Qe7 22. Qxe7 Nxe7 23. Re5 Ng6 24. Re4 f5 25. gxf5 Rxf5 26. b4 Be7 27. h4 Rf2
28. Bh3 Bxb4 29. h5 Nf8 30. c3 Bc5 31. Rd1 Rxd1+ 32. Kxd1 Kf7 33. Bg4 Rf6 34.
Nf4 g5 35. hxg6+ Nxg6 36. Bh5 a5 37. Nxg6 Rxg6 1-0

[Event "105th ch-GBR 2018"]
[Site "Hull ENG"]
[Date "2018.08.02"]
[Round "6.28"]
[White "Pollack, Oscar"]
[Black "McMichael, Richard J"]
[Result "1-0"]
[BlackTitle "CM"]
[WhiteElo "2064"]
[BlackElo "2245"]
[WhiteFideId "429414"]
[BlackFideId "400963"]
[EventDate "2018.07.28"]

1. d4 e6 2. e4 d5 3. Nc3 Nc6 4. Nf3 Nf6 5. Bd3 Nb4 6. Bg5 Be7 7. e5 Nxd3+ 8.
cxd3 Ng8 9. Bxe7 Nxe7 10. O-O Qd7 11. Rc1 b6 12. Re1 a5 13. Ne2 Ba6 14. Qd2 Rc8
15. Ng3 h6 16. Nh5 Kf8 17. Rc3 Kg8 18. Qf4 Qd8 19. Qg4 Ng6 20. h4 Qe7 21. Rec1
Kh7 22. Nxg7 Kxg7 23. h5 Rhg8 24. hxg6 fxg6 25. Nh2 Bb5 26. Qg3 h5 27. Nf3 Rgf8
28. Ng5 Kh6 29. Nh3 Rf5 30. f4 c6 31. b3 a4 32. bxa4 Bxa4 33. Qe3 Rcf8 34. Rf1
Kg7 35. Rcc1 Bb5 36. Ng5 Ra8 37. Rf2 Rh8 38. Ra1 Ba4 39. Rb1 Bb5 40. Ra1 Ba4 41.
Rb2 Rhf8 42. Qh3 Kh6 43. Rxb6 Bb5 44. a4 Ra8 45. a5 Qb4 46. Qe3 Qe7 47. a6 Ra7
48. Rb8 Kg7 49. Rb7 Rxb7 50. axb7 Qxb7 51. Nxe6+ Kh6 52. Nc5 Qe7 53. g3 Kg7 54.
Ra8 Rf8 55. Rxf8 Kxf8 56. e6 Kg7 57. Qe5+ Kh7 58. Kg2 Qa7 59. e7 Qa2+ 60. Kf1
Qb1+ 61. Qe1 Bxd3+ 62. Nxd3 Qxd3+ 63. Kg2 1-0

[Event "105th ch-GBR 2018"]
[Site "Hull ENG"]
[Date "2018.08.02"]
[Round "6.31"]
[White "McDougall, William M"]
[Black "De Coverly, Roger D"]
[Result "1-0"]
[WhiteElo "2056"]
[BlackElo "1920"]
[WhiteFideId "2404923"]
[BlackFideId "405213"]
[EventDate "2018.07.28"]

1. d4 Nf6 2. c4 g6 3. Nf3 Bg7 4. g3 O-O 5. Bg2 d6 6. Nc3 Nbd7 7. O-O e5 8. e4 c6
9. h3 Qb6 10. c5 dxc5 11. dxe5 Ne8 12. Na4 Qa6 13. Bg5 b5 14. Nc3 Nc7 15. Re1
Ne6 16. Be7 Re8 17. Bd6 Qb6 18. a4 Nd4 19. axb5 Nxb5 20. Na4 Qd8 21. Bxc5 Nxe5
22. Nxe5 Bxe5 23. f4 Bd4+ 24. Kh2 Bxc5 25. Nxc5 Qb6 26. Qc1 Rd8 27. f5 Rd4 28.
f6 Qd8 29. e5 Bf5 30. Qe3 Qf8 31. Rac1 Rad8 32. e6 fxe6 33. Nxe6 Bxe6 34. Qxe6+
Qf7 35. Qxc6 Rb4 36. Re7 Qf8 37. Qe6+ Kh8 38. f7 Nd4 39. Qf6+ Qg7 40. Re8+ 1-0

[Event "105th ch-GBR 2018"]
[Site "Hull ENG"]
[Date "2018.08.03"]
[Round "7.2"]
[White "Howell, David W L"]
[Black "Eggleston, David J"]
[Result "1-0"]
[WhiteTitle "GM"]
[BlackTitle "IM"]
[WhiteElo "2687"]
[BlackElo "2397"]
[WhiteFideId "410608"]
[BlackFideId "412120"]
[EventDate "2018.07.28"]

1. d4 Nf6 2. c4 e6 3. Nf3 b6 4. g3 Bb7 5. Bg2 Be7 6. O-O O-O 7. Nc3 d5 8. cxd5
exd5 9. Bf4 Na6 10. Qa4 Re8 11. Rac1 c5 12. Rfd1 cxd4 13. Nxd4 Nc5 14. Qc2 Rc8
15. Bh3 Ncd7 16. Nf5 Bc5 17. Qa4 a6 18. Nd6 Bxd6 19. Bxd6 Nc5 20. Bxc5 Rxc5 21.
Bg2 Qc8 22. Qf4 b5 23. Rd4 Rc4 24. a3 a5 25. Rcd1 b4 26. axb4 axb4 27. Nb5 Rxd4
28. Nxd4 Qd8 29. e3 g6 30. Rc1 Ba8 31. Bh3 Qb6 32. Rc7 Kg7 33. Kg2 h6 34. Rc1
Bb7 35. Qc7 Qxc7 36. Rxc7 Ba6 37. Ra7 Bd3 38. Rb7 g5 39. Bf5 Bxf5 40. Nxf5+ Kg6
41. Nd4 Rc8 42. Rxb4 Ne4 43. Rb5 Nc5 44. g4 f6 45. b4 Nd3 46. Rb7 Rc4 47. b5 h5
48. h3 hxg4 49. hxg4 Rb4 50. f3 Rb2+ 51. Kf1 f5 52. gxf5+ Kf6 53. Rb6+ Kf7 54.
Rb7+ Kf6 55. Rb6+ Kf7 56. Rc6 Ne5 57. Rc2 Rb4 58. Ke2 Nc4 59. Kd3 Ra4 60. Rc3
Ra2 61. Rb3 Nb2+ 62. Kc3 Na4+ 63. Kb4 Nb6 64. Kc5 Nd7+ 65. Kxd5 1-0

[Event "105th ch-GBR 2018"]
[Site "Hull ENG"]
[Date "2018.08.03"]
[Round "7.4"]
[White "Fodor, Tamas Jr."]
[Black "Adair, James R"]
[Result "1/2-1/2"]
[WhiteTitle "GM"]
[BlackTitle "IM"]
[WhiteElo "2506"]
[BlackElo "2492"]
[WhiteFideId "723762"]
[BlackFideId "406252"]
[EventDate "2018.07.28"]

1. c4 e5 2. g3 Nf6 3. Bg2 d5 4. cxd5 Nxd5 5. Nc3 Nb6 6. Nf3 Nc6 7. O-O Be7 8.
Rb1 a5 9. d3 O-O 10. Be3 Be6 11. a3 f5 12. Qc1 a4 13. Ng5 Bb3 14. Bxc6 bxc6 15.
Nf3 Bd6 16. Nd2 Be6 17. f3 Qe8 18. Kh1 c5 19. Nd1 Qc6 20. Bf2 Nd5 21. e4 fxe4
22. dxe4 Nb6 23. Qc3 Rf6 24. Rc1 Nd7 25. Be3 Rb8 26. Kg2 Qb5 27. Rf2 Qa6 28. Qc2
Kh8 29. Nc3 Nb6 30. h4 Rff8 31. h5 h6 32. Rh1 Be7 33. Nf1 Bc4 34. Nh2 Bd3 35.
Qc1 Nc4 36. Ng4 Qe6 37. Rd1 Nxe3+ 38. Nxe3 c4 39. Nxa4 Qa6 40. Nc3 Bc5 41. Re1
Rb3 42. Rd2 Qf6 43. Nf5 Qg5 44. Nd5 Qxh5 45. Nde3 Qg5 46. Rxd3 Rxd3 47. Nxc4
Qxc1 48. Rxc1 Bd4 49. Rc2 Rb3 50. Na5 Rd3 51. Nc6 Ra8 52. Nb4 Rb3 53. Rxc7 Rxb2+
54. Kh3 Rxa3 55. Nd5 Ra7 56. Rc6 Kh7 57. Nde7 Rba2 58. Rg6 Rxe7 59. Nxe7 Bc5 60.
Re6 Bxe7 61. Rxe7 Ra5 62. Kg4 Kg6 63. Re6+ Kf7 64. Rb6 Ra3 65. f4 exf4 66. gxf4
Ra5 67. e5 Ra4 1/2-1/2

[Event "105th ch-GBR 2018"]
[Site "Hull ENG"]
[Date "2018.08.03"]
[Round "7.5"]
[White "Ward, Chris G"]
[Black "Pert, Nicholas"]
[Result "0-1"]
[WhiteTitle "GM"]
[BlackTitle "GM"]
[WhiteElo "2434"]
[BlackElo "2544"]
[WhiteFideId "400203"]
[BlackFideId "403989"]
[EventDate "2018.07.28"]

1. d4 e6 2. c4 f5 3. g3 Nf6 4. Bg2 Be7 5. Nf3 O-O 6. O-O d6 7. Nc3 Ne4 8. Nxe4
fxe4 9. Nd2 d5 10. f3 Nc6 11. fxe4 Rxf1+ 12. Kxf1 dxc4 13. Nf3 b5 14. Be3 a6 15.
Kg1 Qe8 16. d5 Nd8 17. e5 Bb7 18. d6 cxd6 19. exd6 Bf6 20. Qd2 Nf7 21. d7 Qe7
22. Ng5 Rd8 23. Rd1 Ne5 24. Nxh7 Rxd7 25. Nxf6+ Qxf6 26. Qc1 Rxd1+ 27. Qxd1 Bxg2
28. Kxg2 Ng4 29. Qd4 Nxe3+ 30. Qxe3 b4 31. Qe4 c3 32. bxc3 bxc3 33. Qc4 a5 34.
a4 Qg6 35. e4 Qe8 36. Qxc3 Qxa4 37. Qc8+ Kf7 38. Qc7+ Kg6 39. Qe5 Qa2+ 40. Kf3
a4 41. h4 Qb3+ 42. Kf4 a3 43. g4 Qb2 44. Qh5+ Kf6 45. e5+ Ke7 46. Qg5+ Kd7 47.
Qxg7+ Kc6 48. Qa7 Qd2+ 49. Kg3 a2 50. Qa6+ Kc5 51. Qa7+ Kb4 52. Qe7+ Ka4 53.
Qe8+ Ka3 54. Qa8+ Kb2 55. Qb7+ Kc2 0-1

[Event "105th ch-GBR 2018"]
[Site "Hull ENG"]
[Date "2018.08.03"]
[Round "7.6"]
[White "Ghasi, Ameet K"]
[Black "Payne, Matthew J"]
[Result "1-0"]
[WhiteTitle "IM"]
[WhiteElo "2494"]
[BlackElo "2113"]
[WhiteFideId "409200"]
[BlackFideId "417084"]
[EventDate "2018.07.28"]

1. Nf3 Nf6 2. g3 g6 3. b3 Bg7 4. Bb2 O-O 5. Bg2 d6 6. c4 e5 7. O-O Nc6 8. Nc3
Be6 9. Rc1 Qd7 10. Ng5 Nd8 11. Nxe6 fxe6 12. b4 Nf7 13. b5 d5 14. d3 a6 15. Qb3
Rfd8 16. a4 c6 17. e3 d4 18. exd4 exd4 19. Ne4 Nxe4 20. Bxe4 Ng5 21. Bg2 e5 22.
h4 Ne6 23. Ba3 axb5 24. cxb5 cxb5 25. Bh3 Re8 26. axb5 Kh8 27. b6 Qa4 28. Qxa4
Rxa4 29. Bd6 h5 30. Bg2 Ra6 31. Rb1 Nd8 32. Rfc1 Re6 33. Bc7 Bf6 34. Bxd8 Bxd8
35. Rc8 1-0

[Event "105th ch-GBR 2018"]
[Site "Hull ENG"]
[Date "2018.08.03"]
[Round "7.7"]
[White "Arkell, Keith C"]
[Black "Tan, Justin2"]
[Result "1/2-1/2"]
[WhiteTitle "GM"]
[BlackTitle "IM"]
[WhiteElo "2406"]
[BlackElo "2481"]
[WhiteFideId "400270"]
[BlackFideId "3206882"]
[EventDate "2018.07.28"]

1. d4 Nf6 2. Nf3 d5 3. c4 e6 4. cxd5 exd5 5. Nc3 c6 6. Bg5 h6 7. Bh4 Bf5 8. e3
Nbd7 9. Bd3 Bxd3 10. Qxd3 Bd6 11. O-O O-O 12. Rab1 a5 13. Qc2 Qb8 14. a3 Re8 15.
Bg3 Bxg3 16. hxg3 Qd6 17. Rfc1 g6 18. Na4 Ne4 19. Nd2 Nxd2 20. Qxd2 b5 21. Nc5
a4 22. Nxd7 Qxd7 23. Rc5 Re6 1/2-1/2